The Intel Microprocessors : (Record no. 950)
[ view plain ]
| 000 -LEADER | |
|---|---|
| fixed length control field | 01016nam a2200253 a 4500 |
| 003 - CONTROL NUMBER IDENTIFIER | |
| control field | (BD-SpBAUS) |
| 005 - DATE AND TIME OF LATEST TRANSACTION | |
| control field | 20250911121051.0 |
| 008 - FIXED-LENGTH DATA ELEMENTS--GENERAL INFORMATION | |
| fixed length control field | 250911r20192009ii a|||| |||| 001 0 eng d |
| 020 ## - INTERNATIONAL STANDARD BOOK NUMBER | |
| International Standard Book Number | 9788131726228 |
| 040 ## - CATALOGING SOURCE | |
| Original cataloging agency | BD-SpBAUS |
| Transcribing agency | BD-SpBAUS |
| 041 ## - LANGUAGE CODE | |
| Language code of text/sound track or separate title | eng |
| 082 ## - DEWEY DECIMAL CLASSIFICATION NUMBER | |
| Classification number | 004.16 |
| Author mark and year | BAI 2009 |
| 100 ## - MAIN ENTRY--PERSONAL NAME | |
| Personal name | Brey, Barry B. |
| 9 (RLIN) | 2325 |
| 245 ## - TITLE STATEMENT | |
| Title | The Intel Microprocessors : |
| Remainder of title | 8086/8088, 80186/80188, 80286, 80386, 80486, Pentium, Pentium Pro processor, Pentium II, Pentium III, Pentium 4, and Core2 with 64-bit extensions : architecture, programming, and interfacing / |
| Statement of responsibility, etc. | Barry B. Brey |
| 250 ## - EDITION STATEMENT | |
| Edition statement | 8th ed. |
| 260 ## - PUBLICATION, DISTRIBUTION, ETC. | |
| Place of publication, distribution, etc. | New Delhi, India : |
| Name of publisher, distributor, etc. | Pearson Prentice Hall, |
| Date of publication, distribution, etc. | c2009 [ Fourteenth Impression 2019]. |
| 300 ## - PHYSICAL DESCRIPTION | |
| Extent | xviii, 926 pages : |
| Other physical details | illustrations ; |
| Dimensions | 26 cm |
| 504 ## - BIBLIOGRAPHY, ETC. NOTE | |
| Bibliography, etc. note | Includes Index |
| 650 ## - SUBJECT ADDED ENTRY--TOPICAL TERM | |
| Topical term or geographic name entry element | Intel 80xxx series microprocessors |
| 9 (RLIN) | 2326 |
| 650 ## - SUBJECT ADDED ENTRY--TOPICAL TERM | |
| Topical term or geographic name entry element | Computer interfaces |
| 9 (RLIN) | 2327 |
| 650 ## - SUBJECT ADDED ENTRY--TOPICAL TERM | |
| Topical term or geographic name entry element | Pentium (Microprocesseur) |
| 9 (RLIN) | 2328 |
| 856 ## - ELECTRONIC LOCATION AND ACCESS | |
| Uniform Resource Identifier | <a href="https://search.worldcat.org/title/212627321">https://search.worldcat.org/title/212627321</a> |
| 942 ## - ADDED ENTRY ELEMENTS (KOHA) | |
| Source of classification or shelving scheme | Dewey Decimal Classification |
| Koha item type | Books |
| Suppress in OPAC | No |
| Withdrawn status | Lost status | Source of classification or shelving scheme | Damaged status | Not for loan | Home library | Current library | Date acquired | Source of acquisition | Cost, normal purchase price | Total Checkouts | Full call number | Barcode | Date last seen | Copy number | Price effective from | Koha item type | Shelving location | Date due | Date last checked out |
|---|---|---|---|---|---|---|---|---|---|---|---|---|---|---|---|---|---|---|---|
| Dewey Decimal Classification | Not For Loan | BAUST Central Library | BAUST Central Library | 06/04/2025 | Modern | 2110.00 | 004.16 BAI 2009 | 14427 | 09/11/2025 | C-1 | 09/11/2025 | Books | |||||||
| Dewey Decimal Classification | BAUST Central Library | BAUST Central Library | 06/04/2025 | Modern | 2110.00 | 004.16 BAI 2009 | 14428 | 09/11/2025 | C-2 | 09/11/2025 | Books | General Stacks | |||||||
| Dewey Decimal Classification | BAUST Central Library | BAUST Central Library | 06/04/2025 | Modern | 2110.00 | 1 | 004.16 BAI 2009 | 14429 | 03/01/2026 | C-3 | 09/11/2025 | Books | General Stacks | 08/30/2026 | 03/01/2026 | ||||
| Dewey Decimal Classification | BAUST Central Library | BAUST Central Library | 06/04/2025 | Modern | 2110.00 | 004.16 BAI 2009 | 14430 | 09/11/2025 | C-4 | 09/11/2025 | Books | General Stacks | |||||||
| Dewey Decimal Classification | BAUST Central Library | BAUST Central Library | 06/04/2025 | Modern | 2110.00 | 004.16 BAI 2009 | 14431 | 09/11/2025 | C-5 | 09/11/2025 | Books | General Stacks |
